¿Qué ciudad en País Vasco? - Estadísticas

Estadísticas generales
  • Esta prueba ha sido intentada 108 veces
  • La puntuación promedio es 9 de 12
Estadísticas de respuestas
Pista Ciudad % Correcto
Tiene un museo muy famoso con forma moderna y metálica. B Bilbao / Bilbo
100%
Tiene una playa muy bonita que se llama La Concha. S / D San Sebastián / Donostia
98%
Es la capital de la comunidad autónoma del País Vasco. V / G Vitoria-Gasteiz / Gasteiz
98%
Fue bombardeada durante la Guerra Civil Española en 1937. G Guernica y Luno / Gernika-Lumo
94%
Tiene la playa más grande de la región, lo que atrae a numerosos surfistas. Z Zarauz / Zarautz
86%
Su puente colgante, Patrimonio de la Humanidad, une las dos orillas de la ría del Nervión. P Portugalete
80%
Cerca se encuentra la Isla de los Faisanes, donde se firmó un tratado entre España y Francia. I Irún / Irun
78%
Situada junto a la frontera francesa, es conocida por su muralla, su puerto y su casco antiguo lleno de encanto. F / H Fuenterrabía / Hondarribia
74%
Una gran ciudad francesa también tiene este nombre en español. T Tolosa
69%
Tiene el Jardín Botánico Ramón Rubial con plantas de todo el mundo. B Baracaldo / Barakaldo
58%
Aquí nació San Ignacio de Loyola. A Azpeitia
51%
Tiene una isla a la que se puede llegar a pie con la marea baja. L Lequeitio / Lekeitio
49%
No se encontraron pruebas coincidentes
Distribución de puntuación
Porcentaje de gente con cada puntuación
Porcentaje por número respondido
Historial de tus puntuaciones
No has intentado esta prueba.